000
00285nam a22001097a 4500
008
170125b xxu||||| |||| 00| 0 eng d
020
_a
9780803613911
041
_a
eng
080
_a
618.2
245
_a
HOW TO SURVIVE & MAYBE EVEN LOVE YOUR LIFE AS A NURSE
_c
DUNHAM, K.S
942
_2
udc
_c
BK
999
_c
3632
_d
3632